Score 0/20 Timer 08:00
0 Plays Today
Key Line(s) Poet % Correct
Let me not to the marriage of true minds / Admit impediments.William Shakespeare
82%
That time of year thou mayst in me behold / When yellow leaves, or none, or few, do hangWilliam Shakespeare
81.6%
Thou wast not born for death, immortal Bird! John Keats
67.9%
I saw pale kings and princes too / Pale warriors, death-pale were they all; / They cried—‘La Belle Dame sans Merci / Thee hath in thrall!'John Keats
67.4%
Where are the songs of spring? Ay, where are they? / Think not of them, thou hast thy music tooJohn Keats
66.7%
Because I could not stop for death / He kindly stopped for me.Emily Dickinson
59.5%
Tyger! Tyger! burning bright / In the forests of the nightWilliam Blake
58.8%
In Xanadu did Kubla Khan / A stately pleasure-dome decreeSamuel Taylor Coleridge
56.8%
I wander thro' each charter'd street / Near where the charter'd Thames does flowWilliam Blake
56.1%
That’s my last Duchess painted on the wall / Looking as if she were alive.Robert Browning
51.2%
Key Line(s) Poet % Correct
O wild West Wind, thou breath of Autumn's beingPercy Bysshe Shelley
50.3%
Things fall apart; the centre cannot holdWilliam Butler Yeats
47.4%
I have measured out my life with coffee spoonsT.S. Eliot
47%
It little profits that an idle king / By this still hearth, among these barren cragsAlfred, Lord Tennyson
40.6%
Weep no more, woeful shepherds, weep no more / For Lycidas, your sorrow, is not deadJohn Milton
27.7%
Had we but world enough and time / This coyness, lady, were no crime.Andrew Marvell
24.4%
Come live with me and be my love / And we will all the pleasures proveChristopher Marlowe
20.1%
An aged thrush, frail, gaunt, and small / In blast-beruffled plumeThomas Hardy
13.2%
'You must sit down,' says Love, 'and taste my meat.' / So I did sit and eat.George Herbert
7.9%
GO, lovely Rose— / Tell her that wastes her time and meEdmund Waller
4.3%
Remove Ads.
Support Sporcle.
Get the best of Sporcle when you Go Orange. This ad-free experience offers more features, more stats, and more fun while also helping to support Sporcle. Thank you for becoming a member.

You're not logged in!

Compare scores with friends on all Sporcle quizzes.
OR
Log In

Show Comments

Extras

Top Quizzes Today


Score Distribution

Your Account Isn't Verified!

In order to create a playlist on Sporcle, you need to verify the email address you used during registration. Go to your Sporcle Settings to finish the process.

Report this User

Report this user for behavior that violates our Community Guidelines.

Details: